Типы золотоносных россыпей, методические приемы разведки и геолого-промышленной оценки долинных россыпей Мариинской тайги: Диссертация на соискание ученой степени кандидата геолого-минералогических наук

Bibliografiset tiedot
Päätekijä: Шпайхер Е. Д.
Yhteisötekijä: Сибирский научно-исследовательский институт геологии, геофизики и минерального сырья (СНИИГГиМС)
Muut tekijät: Иванкин П. Ф. (научный руководитель)
Kieli:venäjä
Julkaistu: Тисуль, 1970
Aiheet:
Aineistotyyppi: Kirja
KOHA link:https://koha.lib.tpu.ru/cgi-bin/koha/opac-detail.pl?biblionumber=136006

MARC

LEADER 00000nbm0a2200000 4500
001 136006
005 20231031140308.0
035 |a (RuTPU)RU\TPU\book\147397 
090 |a 136006 
100 |a 20080417d1970 k y0rusy50 ca 
101 0 |a rus 
102 |a RU 
105 |a a m 001zy 
200 1 |a Типы золотоносных россыпей, методические приемы разведки и геолого-промышленной оценки долинных россыпей Мариинской тайги  |e Диссертация на соискание ученой степени кандидата геолого-минералогических наук  |f Е. Д. Шпайхер  |g Сибирский научно-исследовательский институт геологии, геофизики и минерального сырья (СНИИГГИМС) ; науч. рук. П. Ф. Иванкин 
210 |a Тисуль  |a Новосибирск  |d 1970 
215 |a 196 л.  |c ил.  |e графические приложения 
320 |a Библиогр.: с. 179-196. 
610 1 |a диссертации 
610 1 |a золотоносные россыпи 
610 1 |a разведка 
610 1 |a геолого-промышленная оценка 
610 1 |a долинные россыпи 
610 1 |a Мариинская тайга 
610 1 |a горно-геологические условия 
610 1 |a размещение 
610 1 |a методика 
610 1 |a обоснование 
610 1 |a методические средства 
610 1 |a технические средства 
610 1 |a буровые работы 
610 1 |a горные работы 
675 |a 553.41(04)  |v 3 
675 |a 622.342(04)  |v 3 
700 1 |a Шпайхер  |b Е. Д. 
702 1 |a Иванкин  |b П. Ф.  |4 727 
712 0 2 |a Сибирский научно-исследовательский институт геологии, геофизики и минерального сырья (СНИИГГиМС)  |c (Новосибирск)  |2 stltpush  |3 (RuTPU)RU\TPU\col\322 
801 1 |a RU  |b 63413507  |c 20080417  |g PSBO 
801 2 |a RU  |b 63413507  |c 20220922  |g PSBO 
942 |c BK